00440 a2200133 4500020001600000040001300016082001100029100002100040245012500061260005000186300003600236500001900272650001500291 a 0821353381 aDLCbDLC a 337.3 aWorld Bank Group a Global Economic Prospects and the Developing Countries 2003: Investing to Unlock Global OpportunitiescWorld Bank Group aWashington:bWorld Bank Publications,c 2003. a xxii, 223 p.b: ill.c; 25 cm. aIncludes Index a Economics